[Event "PHI-ch U16"]
[Site "San Antonio"]
[Date "2014.04.23"]
[Round "5"]
[White "Balbona, John Francis"]
[Black "Morado, Jeth Romy"]
[Result "0-1"]
[WhiteElo "1861"]
[BlackElo "1810"]
[PlyCount "108"]
[EventDate "2014.04.21"]
[EventType "swiss"]
[EventRounds "13"]
[EventCountry "PHI"]
[SourceTitle "CBM 160 Extra"]
[Source "ChessBase"]
[SourceDate "2014.07.01"]
[SourceVersion "1"]
[SourceVersionDate "2014.07.01"]
[SourceQuality "1"]

1. e4 d5 2. exd5 Qxd5 3. Nc3 Qa5 4. d4 c6 5. Bc4 Nf6 6. Bd2 Qc7 7. h3 b5 8. Bd3 Bb7 9. a4 a6 10. Nf3 Nbd7 11. Qe2 e6 12. Ne5 b4 13. Nd1 c5 14. Bf5 Nxe5 15. dxe5 Nd7 16. Be4 Bxe4 17. Qxe4 Qxe5 18. Qxe5 Nxe5 19. Ne3 Rd8 20. f4 Nc6 21. 0-0-0 Nd4 22. Rhf1 Be7 23. Rde1 Bh4 24. Rd1 0-0 25. Kb1 Rd7 26. Be1 Bxe1 27. Rdxe1 Rfd8 28. f5 exf5 29. Nxf5 Ne6 30. g4 g6 31. Ng3 Kg7 32. Ne4 c4 33. h4 Rd5 34. Nf6 Rd2 35. g5 b3 36. c3 Rh2 37. Re4 Rhd2 38. Kc1 Rc2+ 39. Kb1 Rf2 40. Ree1 Rdd2 41. Rxf2 Rxf2 42. Ne8+ Kf8 43. Nd6 Rf4 44. Kc1 Rxh4 45. Re4 Rh1+ 46. Kd2 Nxg5 47. Re8+ Kg7 48. Nxc4 h5 49. Ne3 Rh2+ 50. Kc1 h4 51. c4 h3 52. Re5 Nf3 53. Rd5 Rh1+ 54. Nd1 h2 0-1